First World Countries With the Highest Fertility Rates - Statistics

General Stats
  • This quiz has been taken 74 times
  • The average score is 3 of 7
Answer Stats
Fertility Rate HDI Country % Correct
2.9 .919 Israel
77%
2.24 .854 Saudi Arabia
58%
2.23 .845 Argentina
42%
2.78 .813 Oman
39%
2.42 .815 Panama
27%
3.13 .825 Kazakhstan
23%
2.2 .826 Palau
5%
No matching quizzes found
Score Distribution
Percent of People with Each Score
Percentile by Number Answered
Your Score History
You have not taken this quiz